000 00429nam a22001457a 4500
020 _a978-81-264-2258-6
082 _a894.812.3
_bDHA/G
100 _aDHAMODHARAN, DHEEDHEE
245 _aGULMOHAR
260 _aKOTTAYAM
_bDC BOOKS
_c2009
300 _a162
520 _aIt talks of compromising but taking a stand, loving with your heart and not mind, relationships being about bonds and not blood
650 _aNOVEL
942 _cBK
999 _c4868
_d4868